| 000 | 00429nam a2200169Ia 4500 | ||
|---|---|---|---|
| 003 | LK-CoDNM | ||
| 005 | 20240802142339.0 | ||
| 008 | 010623t1908 xxu||||| |||| 00| 1 eng d | ||
| 040 |
_aLK-CoDNM _dLK-CoDNM _eLK-CoDNM |
||
| 041 | _aeng | ||
| 080 |
_a16 _bB16 |
||
| 100 | _aSumangala Thero,Suriyagoda. | ||
| 245 | _aThe Mulapariyaya Sutta | ||
| 260 |
_bMaha Bodhi Society _aColombo _c1908 |
||
| 300 | _b15p. : 21 cm | ||
| 942 | _cBK | ||
| 999 |
_c86815 _d86815 |
||